00360nam a2200097Ia 4500008004100000100001800041245010200059260007100161546001200232700001800244220512s9999 xx 000 0 eng d aSane, Renuka  4aThe real cost of credit constraints:evidence from micro-finance /cSane, Renuka and thomas, susan aMumbai :bIndira Gandhi Institute of Development Research,cJul-13 aEnglish athomas, susan